[Event "EYb16"]
[Site "Budva YUG"]
[Date "2003.09.14"]
[Round "2"]
[White "Vicol,D"]
[Black "Vandenbussche,T"]
[Result "1-0"]
[WhiteElo "2194"]
[BlackElo "2040"]

1.e4 g6 2.d4 Bg7 3.Nc3 d6 4.Be3 a6 5.a4 Nd7 6.g3 e5 7.Nge2 Ne7 8.Bg2 O-O
9.O-O f5 10.Qd2 exd4 11.Nxd4 Ne5 12.exf5 Nxf5 13.Nxf5 Rxf5 14.Rad1 Kh8 15.Bd4 Rb8
16.f4 Nc6 17.Bxg7+ Kxg7 18.Nd5 Be6 19.Qc3+ Kf7 20.Bh3 Rxd5 21.Bxe6+ Kxe6
22.Rfe1+ Ne5 23.Rxd5 Kxd5 24.fxe5 Qd7 25.Qb3+ Kc6 26.a5 b5 27.axb6 cxb6 28.exd6 Qf5
29.Rd1 Rd8 30.Qa4+ Kb7 31.d7 Qc5+ 32.Kg2 Qc6+ 33.Qxc6+ Kxc6 34.Kf3 Rxd7 35.Rxd7 Kxd7
36.Kf4 Ke6 37.Kg5 Kf7 38.Kh6 Kg8 39.b3 a5 40.c4 Kh8 41.h3 Kg8 42.h4 Kh8 43.h5 gxh5
44.Kxh5 Kg7 45.Kg5 Kf7 46.Kf5 Ke7 47.Ke5 Kd7 48.g4 Kc6 49.g5 Kc5 50.Kf6 Kb4
51.Kg7 Kxb3 52.Kxh7 a4 53.c5 bxc5 54.g6 c4 55.g7 c3 56.g8=Q+ Kb2 57.Qb8+ Kc1
58.Qf4+ Kb1 59.Qb4+  1-0

[Event "ch-Nordic"]
[Site "Aarhus DEN"]
[Date "2003.09.16"]
[Round "10"]
[White "Olafsson,H1"]
[Black "Lehtinen,H"]
[Result "1-0"]
[WhiteElo "2498"]
[BlackElo "2362"]

1.d4 d6 2.e4 g6 3.Nc3 Bg7 4.Be3 c6 5.Qd2 b5 6.Nf3 Nd7 7.Bd3 Qc7 8.O-O Ngf6
9.h3 O-O 10.Ne2 c5 11.c3 a6 12.Ng3 e5 13.a4 Rb8 14.d5 c4 15.Bc2 Nc5 16.Ra3 bxa4
17.Bxc5 Qxc5 18.Bxa4 Kh8 19.Ra2 Ng8 20.Qe2 Bb7 21.Rd1 Bh6 22.h4 f6 23.Bd7 f5
24.exf5 Nf6 25.Ne4 Qc7 26.Be6 gxf5 27.Ng3 f4 28.Nf5 Bg7 29.Ra4 Bxd5 30.Bxd5 Nxd5
31.Nxg7 Nb6 32.Ne6 Qe7 33.Nxf8 Nxa4 34.Nxh7 Qxh7 35.Rxd6 Qe7 36.Nxe5 Qxh4  1-0

[Event "EYb16"]
[Site "Budva YUG"]
[Date "2003.09.16"]
[Round "4"]
[White "Djokic,V"]
[Black "Vandenbussche,T"]
[Result "1-0"]
[WhiteElo "2157"]
[BlackElo "2040"]

1.e4 d6 2.d4 g6 3.Nc3 Bg7 4.Be3 a6 5.Qd2 b5 6.a4 b4 7.Nd1 a5 8.c3 Nf6 9.f3 bxc3
10.bxc3 O-O 11.Bd3 e5 12.Ne2 Re8 13.d5 c6 14.dxc6 Nxc6 15.Bb5 Bb7 16.c4 Rf8
17.Ndc3 Nb4 18.O-O Qc7 19.Rac1 Rfc8 20.Rfd1 Bf8 21.Na2 Na6 22.Nec3 Nc5 23.Nd5 Qd8
24.Nxf6+ Qxf6 25.Rb1 Qd8 26.Nc3 Nd7 27.Nd5 Bxd5 28.cxd5 Nb6 29.Qd3 Be7 30.Bc6 Rab8
31.Qa6 Nd7 32.Rb5 Rxb5 33.axb5 Nb8 34.Qb6 Qf8 35.Qxa5 f5 36.Qa4 f4 37.Bf2 g5
38.b6 Qg7 39.b7 Rf8 40.Bd7 Bd8 41.Be6+ Kh8 42.Rc1 Qxb7 43.Qa3 Bb6 44.Qb2 Bxf2+
45.Qxf2 Na6 46.Rc6 Rd8 47.h4 Nc5 48.Bf5 h6 49.Kh2 Qe7 50.h5 Qf7 51.Bg6 Qe7
52.Bf5 Qf7 53.Bg4 Qb7 54.Rxc5 dxc5 55.Qxc5 Qb8 56.Qe7 Qd6 57.Qa7 Rb8 58.Bf5 Kg8
59.Qh7+ Kf8 60.Bg6 Qf6 61.Qxh6+ Ke7 62.Qh7+ Kd6 63.Qa7 Rd8 64.Qb6+ Ke7 65.Qc7+ Rd7
66.Qc8 g4 67.Qe8+ Kd6 68.Qe6+ Qxe6 69.dxe6 g3+ 70.Kh3 Ra7 71.Bf5 Ke7 72.h6 Kf6
73.Kh4 Ra8 74.h7 Rh8 75.Kh5 Kg7 76.Kg5 Rb8 77.Bg6 Rb6 78.Bf7 Rb7 79.h8=Q+ Kxh8
80.Kf6 Rb6 81.Kxe5 Kg7 82.Kxf4 Rb2 83.Kxg3 Kf6 84.e5+ Ke7 85.f4 Re2 86.Kf3 Re1
87.g4 Rf1+ 88.Ke4 Rg1 89.Kf5 Rf1 90.Kg5 Re1 91.Bg8 Re2 92.Kh4 Re1 93.g5 Rg1
94.f5 Re1 95.f6+ Ke8 96.Kh5 Rxe5 97.Kg6 Kf8 98.e7+ Kxg8 99.f7+  1-0

[Event "EYg16"]
[Site "Budva YUG"]
[Date "2003.09.17"]
[Round "5"]
[White "Czarnota,D"]
[Black "Fominykh,M"]
[Result "0-1"]
[WhiteElo "2216"]
[BlackElo "2237"]

1.e4 d6 2.d4 g6 3.Nc3 Bg7 4.Be3 a6 5.Qd2 b5 6.f3 Nd7 7.O-O-O Bb7 8.h4 h6
9.Nh3 c5 10.dxc5 Nxc5 11.Nxb5 axb5 12.Bxc5 Rxa2 13.Bxb5+ Kf8 14.c3 Qa5 15.Qd3 Bxc3
16.Qxc3 Qxc3+ 17.bxc3 dxc5 18.Rhg1 Nf6 19.Rd8+ Kg7 20.Rxh8 Kxh8 21.Bc4 Ra1+
22.Kb2 Rxg1 23.Nxg1 Kg7 24.Bb5 Nh5 25.Ne2 f5 26.e5 g5 27.Be8 Ba6 28.Bxh5 Bxe2
29.g3 f4 30.gxf4 gxh4 31.Bg4 Bf1 32.Kb3 h5 33.Be6 h3 34.Bxh3 Bxh3 35.Kc4 Bf5  0-1

[Event "zt 2.5"]
[Site "Asuncion PAR"]
[Date "2003.09.19"]
[Round "6"]
[White "Vera,I"]
[Black "Espinoza,E"]
[Result "1-0"]
[WhiteElo "2189"]
[BlackElo "2290"]

1.d4 g6 2.Nc3 Bg7 3.e4 d6 4.Be3 Nf6 5.f3 c6 6.Qd2 b5 7.g4 h5 8.g5 Nfd7 9.O-O-O Nb6
10.Bd3 a5 11.f4 b4 12.Nce2 d5 13.e5 e6 14.Nf3 Ba6 15.Nh4 Nc4 16.Bxc4 Bxc4
17.Kb1 Nd7 18.Nc1 Qb6 19.f5 exf5 20.e6 Nf8 21.exf7+ Kxf7 22.Nd3 Bxd3 23.Qxd3 Qa6
24.Qd2 Kg8 25.Rdf1 Rh7 26.Bf4 Rd8 27.Re1 Qa7 28.Nf3 Bh8 29.Ne5 Bxe5 30.Bxe5 Rb7
31.Bf6 Rc8 32.Re2 a4 33.Rhe1 b3 34.cxb3 axb3 35.a3 Qa6 36.Re8 Rxe8 37.Rxe8 Qf1+
38.Re1 Qa6 39.Qe3 Rf7 40.Qxb3 Rb7 41.Qc3 Qb5 42.Be7 Qb3 43.Qxb3 Rxb3 44.Bb4 f4
45.Bd6 Nd7 46.Re8+ Kf7 47.Re7+  1-0

[Event "GRE-GEO Match m"]
[Site "Athens GRE"]
[Date "2003.09.20"]
[Round "3"]
[White "Kacheishvili,G"]
[Black "Nikolaidis,I"]
[Result "1/2-1/2"]
[WhiteElo "2603"]
[BlackElo "2478"]

1.d4 g6 2.e4 Bg7 3.Nc3 d6 4.Nge2 c6 5.a4 Nf6 6.g3 O-O 7.Bg2 e5 8.O-O Na6
9.h3 Nb4 10.Be3 b6 11.Qd2 exd4 12.Bxd4 Bb7 13.g4 c5 14.Be3 d5 15.exd5 Nfxd5
16.Nxd5 Bxd5 17.Bxd5  1/2-1/2

[Event "TCh-FIN 2003-4"]
[Site "Finland FIN"]
[Date "2003.09.20"]
[Round "1"]
[White "Lahtinen,M"]
[Black "Hartikainen,M"]
[Result "0-1"]
[WhiteElo "2290"]
[BlackElo "2300"]

1.e4 g6 2.d4 Bg7 3.Nc3 d6 4.Be3 a6 5.f4 b5 6.Bd3 Bb7 7.Nf3 Nd7 8.O-O Rc8
9.a4 b4 10.Nd5 a5 11.Bf2 Bxd5 12.exd5 Ngf6 13.f5 Nxd5 14.fxg6 hxg6 15.c4 bxc3
16.bxc3 O-O 17.c4 Nb4 18.Bb1 c5 19.Ra3 cxd4 20.Nxd4 Ne5 21.Rh3 Rxc4 22.Bxg6 fxg6
23.Ne6 Qc8 24.Nxf8 Bxf8 25.Qb3 Nd5 26.Bg3 Qc5+ 27.Kh1 Rc1 28.Be1 Qc4 29.Kg1 Qxb3
30.Rxb3 Bh6 31.Bf2 Rc2 32.Rb5 Ne3 33.Re1 Nd3  0-1

[Event "TCh-FIN 2003-4"]
[Site "Finland FIN"]
[Date "2003.09.20"]
[Round "1"]
[White "Maki,V"]
[Black "Lehtinen,H"]
[Result "1/2-1/2"]
[WhiteElo "2390"]
[BlackElo "2362"]

1.e4 g6 2.d4 Bg7 3.Nc3 d6 4.f4 Nf6 5.Nf3 c5 6.Bb5+ Bd7 7.e5 Ng4 8.Bxd7+ Qxd7
9.d5 dxe5 10.h3 e4 11.hxg4 exf3 12.Qxf3 Na6 13.Bd2 O-O-O 14.O-O-O f5 15.gxf5 gxf5
16.Be1 Nc7 17.Bh4 Qd6 18.Rhe1 Rhe8 19.g3 Rd7 20.Qd3 Bxc3 21.Qxc3 Nxd5 22.Qe5 Qxe5
23.Rxe5 e6 24.Rde1 c4 25.Rxe6 Rxe6 26.Rxe6 Kc7 27.Bf6 Nxf6 28.Rxf6 Rg7 29.Rxf5 Kc6
30.Rh5 Rxg3 31.Rxh7 Rf3 32.Rf7 b5 33.Kd2 Rf2+ 34.Kc3 a5 35.Rf6+ Kc5 36.Rf5+ Kb6
37.a4 bxa4 38.Rf8 Kc5 39.Rc8+ Kb5  1/2-1/2

[Event "EYb16"]
[Site "Budva YUG"]
[Date "2003.09.21"]
[Round "8"]
[White "Meier,Geo"]
[Black "Eisenbeiser,A"]
[Result "0-1"]
[WhiteElo "2301"]
[BlackElo "2233"]

1.e4 g6 2.d4 Bg7 3.Nc3 d6 4.Nf3 a6 5.Be3 Nd7 6.a4 b6 7.g3 Bb7 8.Bg2 e6 9.O-O Ne7
10.Qd2 Nf6 11.d5 exd5 12.exd5 O-O 13.Bg5 Qd7 14.Nd4 Nf5 15.Bxf6 Bxf6 16.Nc6 Ne7
17.Nd4 Nf5 18.Nc6 Ne7 19.Rfe1 Rae8 20.Nd4 Nf5 21.Nc6 Ne7 22.Nd4 Nf5 23.Nc6 Rxe1+
24.Rxe1 Re8 25.Rxe8+ Qxe8 26.Kf1 Bg7 27.Qd3 Kf8 28.Qc4 Qd7 29.Qd3 Ne7 30.Qc4 Kg8
31.h3 Nf5 32.Qd3 Qe8 33.Qc4 Bxc3 34.Qxc3 Bxc6 35.dxc6 Qe6 36.Qd3 a5 37.Bd5 Qf6
38.c3 Ne7 39.Bf3 Qe6 40.Kg2 d5 41.Qb5 Kg7 42.h4 Qd6 43.Kf1 Qe6 44.Bg2 h6
45.Bf3 Qf5 46.Ke2 g5 47.hxg5 hxg5 48.Qd3 Qe6+ 49.Kd2 Qxc6 50.Qe3 Qf6 51.Bg2 Nf5
52.Qf3 d4 53.Bh3 dxc3+ 54.bxc3 Nd6 55.Qe2 Nb7 56.f4 Nc5 57.Qc4 Qd6+ 58.Ke3 gxf4+
59.gxf4 Qd1 60.Bf5 Nxa4 61.Qxc7 Qg1+ 62.Kd3 Qb1+  0-1

[Event "3rd ch-Euro Senior"]
[Site "Saint Vincent ITA"]
[Date "2003.09.23"]
[Round "7"]
[White "Chernikov,O"]
[Black "Joksic,S"]
[Result "0-1"]
[WhiteElo "2455"]
[BlackElo "2253"]

1.d4 g6 2.e4 Bg7 3.Nc3 d6 4.Bg5 c6 5.Qd2 Qa5 6.a3 Nd7 7.Bc4 Qb6 8.O-O-O Qa5
9.Nf3 b5 10.Bb3 Nb6 11.e5 d5 12.h3 Nc4 13.Bxc4 bxc4 14.Ne4 Qxd2+ 15.Nexd2 h6
16.Be3 a5 17.b3 Be6 18.Kb2 f6 19.bxc4 dxc4 20.Kc3 c5 21.Nxc4 cxd4+ 22.Nxd4 Bxc4
23.exf6 Nxf6 24.Kxc4 Rc8+ 25.Kd3 Kf7 26.Rb1 Nd7 27.Rb5 Rhd8 28.Ke2 Nc5 29.Nc6 Rxc6
30.Rxc5 Rxc5 31.Bxc5 Rc8 32.Be3 Rxc2+ 33.Kf3 Rc3 34.Rb1 Rxa3 35.Rb7 a4 36.Ke4 Rc3
37.Ra7 a3 38.Kd5 Bf6 39.Bc5 Rc2 40.Bxa3 Rxf2 41.g4 Rh2 42.Ke4 Rxh3 43.Bd6 Ke6
44.Bf4 g5 45.Ra6+ Kf7 46.Bb8 Kg6 47.Bc7 Rc3 48.Ra7 h5 49.gxh5+ Kxh5 50.Kf5 Kh4
51.Bd8 Rf3+ 52.Kg6 g4 53.Ra2 g3  0-1

[Event "1st ch-Mediterranean w"]
[Site "Beruit LIB"]
[Date "2003.09.26"]
[Round "1"]
[White "Collas,S"]
[Black "Lebel Arias,J"]
[Result "1-0"]
[WhiteElo "2352"]
[BlackElo "1988"]

1.e4 d6 2.d4 g6 3.Nc3 Bg7 4.Be3 Nf6 5.h3 c6 6.Qd2 O-O 7.Nf3 Nbd7 8.Bh6 Qa5
9.Bxg7 Kxg7 10.O-O-O e5 11.dxe5 dxe5 12.Kb1 Qb4 13.Bd3 Re8 14.Nh4 Nf8 15.f4 Qe7
16.fxe5 Qxe5 17.Rhf1 Be6 18.Qf2 N6d7 19.g4 b5 20.Ne2 Nc5 21.Nd4 Nxd3 22.cxd3 Rac8
23.Nhf3 Qc7 24.Ng5 Qe7 25.Ndxe6+ Nxe6 26.Qxf7+ Qxf7 27.Nxf7 Re7 28.Nd6 Rd8
29.Nf5+ gxf5 30.gxf5 Rf8 31.fxe6 Rxe6 32.Kc2 Rd8 33.Rf5 Rg6 34.Rdf1 Rd7 35.R1f4 a5
36.Rg4 a4 37.Kc3 Rd6 38.d4 Rd7 39.Rxg6+ Kxg6 40.Rc5 Rd6 41.a3 Rf6 42.Kb4 h5
43.e5  1-0

[Event "Tatry Open"]
[Site "Tatranske Zruby SVK"]
[Date "2003.09.27"]
[Round "1"]
[White "Velicka,P"]
[Black "Kebis,M"]
[Result "1-0"]
[WhiteElo "2442"]
[BlackElo "2068"]

1.e4 g6 2.d4 Bg7 3.Nc3 d6 4.Nf3 Nf6 5.Be2 O-O 6.O-O Nbd7 7.e5 Ne8 8.Bf4 c6
9.Re1 Qa5 10.Bf1 dxe5 11.Nxe5 Nxe5 12.Bxe5 Be6 13.a3 Nf6 14.b4 Qd8 15.Na4 b6
16.c4 Qd7 17.Nc3 Rad8 18.h3 Qc8 19.Qf3 h5 20.Rac1 Rd7 21.d5 cxd5 22.cxd5 Bf5
23.Bb5 Rdd8 24.Ne2 Qb7 25.Bc6 Qa6 26.Nd4 Bd7 27.d6  1-0

[Event "ECC"]
[Site "Rethymnon GRE"]
[Date "2003.09.28"]
[Round "1"]
[White "Idrizaj,A"]
[Black "Thiede,L"]
[Result "1/2-1/2"]
[WhiteElo "2242"]
[BlackElo "2440"]

1.e4 g6 2.d4 Bg7 3.Nc3 d6 4.Be3 a6 5.Qd2 Nd7 6.f3 b5 7.a4 b4 8.Nd5 c5 9.dxc5 dxc5
10.O-O-O e6 11.Nf4 Qa5 12.b3 Ne7 13.Bc4 Bc3 14.Qd6 Be5 15.Qd2 O-O 16.Nd3 Nc6
17.Qf2 Bd4 18.Ne2 Bxe3+ 19.Qxe3 Nce5 20.Nb2 Nb6 21.Bd3 c4 22.Bxc4 Nexc4 23.bxc4 Nxa4
24.Nxa4 Qxa4 25.Kb2 e5 26.Rd6 Qe8 27.Ra1 Be6 28.c5 Qb5 29.f4 Bg4 30.Nc1 exf4
31.Qd4 a5 32.Nd3 Rfc8 33.Rb6 Qd7 34.Rd6 Qc7 35.h3 Be6 36.Nxf4 Re8 37.Nd5 Bxd5
38.exd5 Re2 39.Rb6 Qg3 40.c6 Qxg2 41.Qc5 Qg3 42.d6 a4 43.c7 a3+ 44.Ka2 Qd3
45.Rc1 Qd2 46.c8=Q+ Rxc8 47.Qxc8+ Kg7 48.Rb1 Qd5+ 49.Rb3 Qd1 50.R6xb4 Rxc2+
51.Qxc2 Qxc2+ 52.Kxa3 Qc5 53.Ka4 Qd5 54.Rb5 Qc4+ 55.R3b4 Qc2+  1/2-1/2

[Event "2nd League TCh-SCG"]
[Site "Belgrade SCG"]
[Date "2003.09.29"]
[Round "3"]
[White "Zivkovic,S"]
[Black "Vucenovic,L"]
[Result "1-0"]
[WhiteElo "2336"]
[BlackElo "2118"]

1.e4 g6 2.d4 Bg7 3.Nc3 d6 4.g3 Nf6 5.h3 O-O 6.Bg2 c6 7.a4 e5 8.Be3 Be6 9.Nge2 d5
10.dxe5 Nxe4 11.f4 Nxc3 12.bxc3 Qe7 13.O-O f6 14.exf6 Bxf6 15.Qd2 Bf5 16.Nd4 Nd7
17.a5 a6 18.Rfe1 Rfe8 19.Rab1 Nc5 20.Nxf5 gxf5 21.Bxd5+ cxd5 22.Qxd5+ Ne6
23.Rxb7 Qd8 24.Rd7 Qxd7 25.Qxd7 Bxc3 26.Re2 Rad8 27.Qc6 Rc8 28.Qxa6 Nd4 29.Bxd4 Bxd4+
30.Kf1 Red8 31.Qe6+ Kh8 32.Qxf5  1-0

[Event "2nd League TCh-SCG"]
[Site "Belgrade SCG"]
[Date "2003.09.30"]
[Round "4"]
[White "Pantos,N"]
[Black "Vucenovic,L"]
[Result "1-0"]
[WhiteElo "2264"]
[BlackElo "2118"]

1.e4 g6 2.d4 Bg7 3.Nc3 d6 4.Bc4 Nf6 5.Nf3 O-O 6.Qe2 c6 7.Bb3 Bg4 8.h3 Bxf3
9.Qxf3 e5 10.dxe5 dxe5 11.O-O Nbd7 12.a4 Nc5 13.Bc4 Qd4 14.Bd3 Nxd3 15.cxd3 b6
16.Qe2 Nd7 17.Be3 Qd6 18.Rfd1 Rfd8 19.Qc2 Nf8 20.Ne2 Ne6 21.Rac1 c5 22.Nc3 Qf8
23.Nd5 Bh6 24.Qc4 Bg7 25.a5 Rab8 26.axb6 axb6 27.Ra1 Rd6 28.Ra7 Kh8 29.Rda1 f5
30.f3 fxe4 31.dxe4 b5 32.Qc2 c4 33.Qf2 Qd8 34.Rf7 Ra8 35.Rxa8 Qxa8 36.Qh4 Qe8
37.Rb7 Nd4 38.Bg5 Qa8 39.Rf7 Qa1+ 40.Kh2 Ne2 41.Be3 h6 42.Rxg7 Kxg7 43.Qe7+ Kg8
44.Qxd6 Qe1 45.Qxg6+  1-0

[Event "ECC"]
[Site "Rethymnon GRE"]
[Date "2003.09.30"]
[Round "3"]
[White "Sax,G"]
[Black "Schwaninger,W"]
[Result "1-0"]
[WhiteElo "2521"]
[BlackElo "2207"]

1.e4 g6 2.d4 Bg7 3.Nc3 d6 4.f4 Nf6 5.Nf3 c5 6.dxc5 Qa5 7.Bd3 Qxc5 8.Qe2 Bg4
9.Be3 Qa5 10.O-O Nc6 11.Qe1 Bxf3 12.Rxf3 Ng4 13.Bd2 Bd4+ 14.Kh1 Qh5 15.h3 a6
16.Ne2 Bb6 17.Qg3 f5 18.Qe1 Rf8 19.exf5 gxf5 20.Ng3 Qh4 21.Nxf5 Nf2+ 22.Rxf2 Qxf2
23.Nxd6+ Kd7 24.Nc4 Rf7 25.Qe4 Qd4 26.Be3  1-0

[Event "ECC"]
[Site "Rethymnon GRE"]
[Date "2003.09.30"]
[Round "3"]
[White "Zsifkovits,R"]
[Black "Horvath,Cs1"]
[Result "1/2-1/2"]
[WhiteElo "2118"]
[BlackElo "2513"]

1.e4 g6 2.d4 Bg7 3.Nc3 d6 4.Be3 a6 5.Qd2 Nd7 6.Nf3 b5 7.a4 b4 8.Ne2 c5 9.Ng3 Bb7
10.c3 bxc3 11.bxc3 Ngf6 12.Bd3 O-O 13.h3 Qa5 14.O-O e6 15.Rfc1 Rfc8 16.Bf4 Ne8
17.Bh6 Bh8 18.Qg5 Bf6 19.Qe3 Rc7 20.Ne2 Rac8 21.Rcb1 cxd4 22.cxd4 e5 23.d5 Nc5
24.Nd2 Nxd3 25.Qxd3 Ba8 26.Be3 Rc2 27.Nb3 Qb4 28.Nbc1 Qc4 29.Qxc4 R2xc4 30.Bh6 Rxe4
31.Rb8 Rec4 32.Rxc8 Rxc8 33.Nb3 Rc4 34.Rc1 Rb4 35.Rc8 Bb7  1/2-1/2

[Event "ECC"]
[Site "Rethymnon GRE"]
[Date "2003.10.01"]
[Round "4"]
[White "Walsh,C"]
[Black "Christensen,To"]
[Result "0-1"]
[WhiteElo "2170"]
[BlackElo "2371"]

1.e4 g6 2.d4 Bg7 3.Nc3 d6 4.Nf3 Bg4 5.Be3 Nd7 6.Bc4 e6 7.h3 Bxf3 8.Qxf3 Ne7
9.Qg3 O-O 10.O-O d5 11.exd5 Nb6 12.Bb3 exd5 13.Rad1 Nf5 14.Qf3 c6 15.Ne2 Qe7
16.Bf4 Rfe8 17.Rd2 a5 18.a3 a4 19.Ba2 Nd6 20.Ng3 Ndc4 21.Re2 Qf6  0-1

[Event "1st ch-Mediterranean"]
[Site "Beruit LIB"]
[Date "2003.10.02"]
[Round "6"]
[White "Kassis,A"]
[Black "Abdulaziz,M"]
[Result "1-0"]
[WhiteElo "2206"]
[BlackElo "2168"]

1.e4 d6 2.d4 g6 3.Nc3 Bg7 4.f4 Nf6 5.Nf3 O-O 6.Bd3 Na6 7.e5 Ne8 8.Be3 Nb4
9.Bc4 d5 10.Bb3 c6 11.O-O a5 12.a4 b6 13.Ne2 e6 14.g4 f6 15.Qd2 Qc7 16.Ng3 Ba6
17.Rf2 c5 18.c3 Nd3 19.Rg2 Qe7 20.Ne1 cxd4 21.cxd4 Qb4 22.Bxd5 exd5 23.Nxd3 Qc4
24.Nf2 Rc8 25.h4 Nc7 26.h5 Rf7 27.hxg6 hxg6 28.f5 fxe5 29.fxg6 Rf3 30.Nf5 Bf8
31.Bh6 Ne6 32.Bxf8 Nf4 33.g7 Rxf8 34.gxf8=Q+ Kxf8 35.Rh2 e4 36.Rh8+  1-0

[Event "Tatry Open"]
[Site "Tatranske Zruby SVK"]
[Date "2003.10.02"]
[Round "7"]
[White "Schwarz,D"]
[Black "Petran,Pe"]
[Result "1-0"]
[WhiteElo "2272"]
[BlackElo "2391"]

1.e4 g6 2.d4 Bg7 3.Nc3 d6 4.f4 a6 5.Nf3 b5 6.Bd3 c5 7.Be3 cxd4 8.Bxd4 Bxd4
9.Nxd4 Bb7 10.Qe2 Nd7 11.e5 dxe5 12.fxe5 Nc5 13.O-O-O Qb6 14.Rhf1 Rd8 15.Qf2 Nh6
16.Kb1 O-O 17.Nb3 Na4 18.Nxa4 Qxf2 19.Rxf2 bxa4 20.Nc5 Bc6 21.Nxa6 Ng4 22.Re2 Nxh2
23.b4 axb3 24.axb3 Ng4 25.b4 Bb5 26.Nc5 Rd5 27.Rde1 Bxd3 28.Nxd3 Rb8 29.Kb2 h5
30.Kb3 Kg7 31.Nb2 Rdb5 32.Nd3 Rd5 33.Nc1 f6 34.exf6+ exf6 35.c4 Rg5 36.Nd3 Ne5
37.Nxe5 fxe5 38.b5 Kf6 39.Kb4 Rg4 40.Rc1 Rd4 41.Rf1+ Ke6 42.Rfe1 Kf5 43.Rxe5+ Kf4
44.Rd5 Rxd5 45.cxd5 Rd8 46.Kc5 Rc8+ 47.Kd4 Rc2 48.Rb1 Rd2+ 49.Kc5 Rxg2 50.b6 Rc2+
51.Kd6  1-0

[Event "2nd League TCh-SCG"]
[Site "Belgrade SCG"]
[Date "2003.10.03"]
[Round "7"]
[White "Stankovic,De"]
[Black "Vasiljevic,D"]
[Result "0-1"]
[WhiteElo "2251"]
[BlackElo "2327"]

1.e4 d6 2.d4 g6 3.Nc3 Bg7 4.f4 a6 5.a4 Nf6 6.Nf3 c5 7.d5 O-O 8.a5 e6 9.Bc4 exd5
10.Bxd5 Nc6 11.Bxc6 bxc6 12.e5 dxe5 13.Qxd8 Rxd8 14.Nxe5 Ng4 15.O-O Nxe5
16.fxe5 Bxe5 17.Bg5 Bd4+ 18.Kh1 Re8 19.Na4 Bf5 20.c3 Bg7 21.Rfe1 h6 22.Be7 c4
23.Nb6 Rab8 24.Bd6 Rbd8 25.Be7 Rd3 26.h3 Be6 27.Bh4 g5 28.Bf2 Rd2 29.Bc5 Rxb2
30.Nxc4 Rc2 31.Nd6 Rb8  0-1

[Event "ECC"]
[Site "Rethymnon GRE"]
[Date "2003.10.03"]
[Round "6"]
[White "Ribshtein,N"]
[Black "Brand,T"]
[Result "1/2-1/2"]
[WhiteElo "2324"]
[BlackElo "2053"]

1.e4 g6 2.d4 Bg7 3.Nc3 d6 4.Be3 a6 5.f4 e6 6.Nf3 Nd7 7.Qd2 Ne7 8.e5 d5 9.Bd3 b6
10.Na4 Bb7 11.b4 Rb8 12.Qe2 Ra8 13.Rb1 Qc8 14.O-O O-O 15.g4 c5 16.dxc5 bxc5
17.Nxc5 Nxc5 18.Bxc5 Re8 19.Nd4 Nc6 20.Nxc6 Qxc6 21.Bd4 Qc7 22.c3 Kh8 23.Rbe1 Rg8
24.Rf3 Qe7 25.Rh3 a5 26.b5 Rae8 27.g5 h6 28.Qg4 Kh7 29.Ree3 Rh8 30.gxh6 Bf8
31.Rhg3 Rg8 32.h4 Kh8 33.h5 g5 34.h7 Rg7 35.fxg5 Qa3 36.h6 Qc1+ 37.Kh2 Rg6
38.Bxg6 fxg6 39.Rg2 Bc8 40.Qf4 Qa3 41.Qf2  1/2-1/2

[Event "ECC Women"]
[Site "Rethymnon GRE"]
[Date "2003.10.03"]
[Round "6"]
[White "Stiri,A"]
[Black "Zatulovskaya,T"]
[Result "1/2-1/2"]
[WhiteElo "2172"]
[BlackElo "2178"]

1.e4 g6 2.d4 Bg7 3.Nc3 d6 4.Be3 Nf6 5.Qd2 Ng4 6.Bg5 h6 7.Bh4 g5 8.Bg3 e5
9.Nf3 exd4 10.Nxd4 Nc6 11.Nxc6 bxc6 12.Bc4 Ne5 13.Bb3 Ng6 14.O-O O-O 15.Rab1 Qe7
16.f3 Be6 17.Ne2 a5 18.Nd4 Bxd4+ 19.Qxd4 a4 20.Bc4 c5 21.Qc3 Bxc4 22.Qxc4 Qe6
23.Qxe6 fxe6 24.Rfd1 e5 25.Bf2 Kf7 26.Be1 Ke6 27.Bc3 Ne7 28.a3 Rfb8 29.Kf2 Ng6
30.Ra1 c6 31.Rab1 d5 32.Bd2 Rb7 33.g3 Rab8 34.Bc1 d4 35.Ke2 c4 36.Ra1 c5
37.h4 gxh4 38.f4 Ne7 39.Rh1 Rg8 40.Rxh4 Rxg3 41.Rxh6+ Kf7 42.Kf2 Rg6 43.Rh5 exf4
44.Rxc5 Rc6 45.Ra5 c3 46.bxc3 Rxc3 47.Bxf4 Rxc2+ 48.Ke1 Rbb2 49.Bc1 Re2+
50.Kd1 Rbc2 51.Rxa4 Nc6 52.Rc4 d3 53.Rxc2 Rxc2 54.Rb1 Ne5 55.Rb3 Rc4 56.Bb2 Rxe4
57.Bxe5 Rxe5 58.Rxd3 Rc5 59.a4 Ke6 60.Kd2 Rd5 61.Kc3 Rxd3+ 62.Kxd3 Ke5  1/2-1/2

[Event "2nd It"]
[Site "Klaksvik FAI"]
[Date "2003.10.10"]
[Round "7"]
[White "Naes,F"]
[Black "Eriksson,Joh"]
[Result "0-1"]
[WhiteElo "2337"]
[BlackElo "2414"]

1.d4 g6 2.e4 Bg7 3.Nc3 d6 4.Bg5 a6 5.f4 Nc6 6.Nf3 Bg4 7.d5 Nd4 8.Qd3 Bxf3
9.gxf3 c5 10.dxc6 bxc6 11.O-O-O Ne6 12.Qc4 Qb6 13.Bh3 Nxg5 14.fxg5 Rb8 15.Rd3 Qxb2+
16.Kd2 Qb6 17.Ke2 Qc5 18.Qxc5 dxc5 19.Bd7+ Kf8 20.Bxc6 c4 21.Re3 Bd4 22.Rb1 Rxb1
23.Nxb1 Bxe3 24.Kxe3 h6 25.h4 hxg5 26.hxg5 Rh2 27.Ba4 Rg2 28.Na3 c3 29.Nb1 Rxg5
30.Nxc3 e6 31.Ne2 Nf6 32.c4 Ra5 33.Nc3 Ke7 34.f4 Nd7 35.Bc2 f6 36.f5 g5 37.fxe6 Kxe6
38.Kd4 g4 39.Bb3 Kd6 40.Ne2 Rh5 41.Ng3 Rh3 42.Nf5+ Kc7 43.Bd1 Ne5 44.Be2 Ra3
45.Ne7 g3 46.Bf1 Nc6+  0-1

[Event "EuTCh w"]
[Site "Plovdiv BUL"]
[Date "2003.10.11"]
[Round "1"]
[White "Georgieva,Li"]
[Black "Socko,M"]
[Result "1/2-1/2"]
[WhiteElo "2252"]
[BlackElo "2395"]

1.e4 g6 2.d4 d6 3.Nc3 Bg7 4.Be3 a6 5.a4 Nf6 6.h3 O-O 7.Nf3 d5 8.e5 Ne4 9.Nxe4 dxe4
10.Nd2 c5 11.c3 cxd4 12.cxd4 f6 13.Bc4+ Kh8 14.Nxe4 Nc6 15.f4 Bf5 16.Nc3 Nb4
17.Rc1 fxe5 18.fxe5 Rc8 19.Be2 Be6 20.Bg4 Qd7 21.Qd2 Bxg4 22.hxg4 Qxg4 23.Rh3 Rf7
24.Qe2 Qe6 25.Ne4 Rxc1+ 26.Bxc1 Qc6 27.Rc3 Qxa4 28.Ng5 Rf8 29.Qc4 h6 30.Ne6 Re8
31.Nxg7 Kxg7 32.Ke2 Qb5 33.Qxb5 axb5 34.Rc7 Nc6 35.Be3 Rd8 36.Rxb7 Nxd4+
37.Bxd4 Rxd4 38.Rxb5 Kf7 39.Ke3 Rg4 40.Kf3 h5 41.Rb6 Rg5 42.Rb5 Ke6 43.b4 Rg4
44.g3 Kf5 45.Rb7 e6 46.Rb5 Re4 47.Rb7 Rxe5 48.Rf7+ Kg5 49.Rf4 Rd5 50.Ke3 Rd1
51.Ke2 Rb1 52.Ke3 Rb3+ 53.Kf2 e5 54.Re4 Kf5 55.Rc4 g5 56.Kg2 Rb2+ 57.Kf1 e4
58.Rc5+ Kg4 59.b5 Rb3 60.Re5 Rb2 61.Rc5 Rb4 62.Kf2 Rb3 63.Re5 Rb2+ 64.Kf1 Rb3
65.Kf2 Rf3+ 66.Ke2 Rf6 67.Ke3 Rf3+ 68.Ke2 Rb3 69.Kf2 Rb2+ 70.Ke1  1/2-1/2

[Event "EuTCh w"]
[Site "Plovdiv BUL"]
[Date "2003.10.11"]
[Round "1"]
[White "Sedina,E"]
[Black "Foisor,C"]
[Result "0-1"]
[WhiteElo "2394"]
[BlackElo "2398"]

1.e4 g6 2.d4 Bg7 3.Nc3 d6 4.f4 a6 5.Nf3 b5 6.Bd3 Bb7 7.e5 e6 8.Be3 Ne7 9.O-O O-O
10.Bf2 Nd7 11.Ne4 Bxe4 12.Bxe4 Rb8 13.Qe2 Nb6 14.Bh4 Qd7 15.c3 Ned5 16.Bxd5 exd5
17.Rae1 Rfe8 18.Qd3 Nc8 19.Re2 Na7 20.h3 Nc6 21.Rfe1 Bh6 22.Bg5 Bxg5 23.Nxg5 Nd8
24.Qf3 h6 25.f5 hxg5 26.f6 c6 27.Qg3 dxe5 28.dxe5 Ne6 29.h4 Qa7+ 30.Kh1 Kh7
31.hxg5 Rh8 32.Re3 Kg8+ 33.Kg1 Rh5 34.Qf2 Nxg5 35.Qf4 Ne6 36.Qg3 d4 37.cxd4 Nxd4
38.e6 Nxe6  0-1

[Event "FSGM October"]
[Site "Budapest HUN"]
[Date "2003.10.12"]
[Round "9"]
[White "Balogh,C"]
[Black "Czebe,A"]
[Result "1-0"]
[WhiteElo "2449"]
[BlackElo "2499"]

1.e4 g6 2.d4 Bg7 3.Nc3 d6 4.Bg5 Nd7 5.Qd2 c6 6.O-O-O b5 7.f4 b4 8.Nce2 Ngf6
9.Ng3 h6 10.Bxf6 Nxf6 11.Bd3 Qb6 12.Nf3 Bg4 13.Qe3 e5 14.Bc4 O-O 15.fxe5 dxe5
16.Nxe5 Bxd1 17.Rxd1 Rad8 18.Nxg6 Rfe8 19.Qb3 Rxd4 20.Bxf7+ Kh7 21.Rf1 Red8
22.Ne5 Nd5 23.Bg6+ Kg8 24.Nf3 c5 25.Nxd4 Qxg6 26.Ndf5 Qa6 27.exd5 c4  1-0

[Event "EuTCh w"]
[Site "Plovdiv BUL"]
[Date "2003.10.13"]
[Round "3"]
[White "Agrest,S"]
[Black "Bosboom Lanchava,T"]
[Result "0-1"]
[WhiteElo "2245"]
[BlackElo "2315"]

1.e4 d6 2.d4 g6 3.Nc3 Bg7 4.Be3 c6 5.Bd3 b5 6.Nf3 Nd7 7.Qd2 Nb6 8.h3 a5 9.O-O b4
10.Ne2 Ba6 11.Bxa6 Rxa6 12.Qd3 Ra8 13.c4 bxc3 14.bxc3 Nf6 15.Rab1 O-O 16.c4 d5
17.exd5 cxd5 18.c5 Nc4 19.Bf4 Ne4 20.Nc3 Nxc3 21.Qxc3 Rc8 22.Rb5 Qd7 23.Rfb1 Qf5
24.Bg3 Rxc5 25.Nd2 Nxd2 26.Qxd2 Rc2 27.Qe3 e6 28.Rb8 Rcc8 29.R8b5 Rc4 30.Rb8 Rfc8
31.Rxc8+ Rxc8 32.Rb5 a4 33.Bd6 h6 34.Bc5 e5 35.dxe5 Bxe5 36.g3 d4 37.Qxh6 Bg7
38.Qxg7+ Kxg7 39.Bxd4+ f6 40.Rxf5 gxf5 41.a3 Rc4 42.Bb2 f4 43.g4 Rc2 44.Bd4 Kg6
45.Kg2 Kg5 46.Kf3 Rd2 47.h4+ Kg6 48.Bc5 Rc2 49.Bd4 f5 50.g5 Rc4 51.Be5 Kh5
52.Bf6 Re4 53.Bc3 Kg6 54.Bf6 Rc4 55.Bh8 Rc8 56.Be5 Rc4 57.Bh8 Kh5 58.Bf6 Re4
59.Bc3 Rc4 60.Bf6 Rc2 61.Bd4 Rd2 62.Bc5 Rd5 63.Be7 Rd7 64.Bc5 Rc7 65.Bd4 Rd7
66.Bc5 Kxh4 67.Kxf4 Kh5 68.f3 Kg6 69.Bb4 Rd4+ 70.Ke3 Rxb4  0-1

[Event "EuTCh w"]
[Site "Plovdiv BUL"]
[Date "2003.10.13"]
[Round "3"]
[White "Seps,M"]
[Black "Skripchenko,A"]
[Result "0-1"]
[WhiteElo "2068"]
[BlackElo "2460"]

1.e4 g6 2.d4 Bg7 3.Nc3 d6 4.f4 c6 5.h3 e5 6.dxe5 Qh4+ 7.Ke2 dxe5 8.Nf3 Bg4
9.Qe1 Bxf3+ 10.gxf3 Qe7 11.Be3 Nd7 12.Rd1 exf4 13.Bxf4 Ne5 14.Kf2 Nf6 15.Kg2 Nh5
16.Bg3 Qf6 17.Be2 Bh6 18.Rf1 Bf4 19.Bxf4 Nxf4+ 20.Kh2 h5 21.Rf2 g5 22.Qd2 Ne6
23.Qe3 Ng6 24.e5 Qxe5+ 25.Qxe5 Nxe5 26.Ne4 Ke7 27.Rg2 f6 28.Nd6 Rhd8 29.Nf5+ Kf8
30.Kg3 Nf4 31.Rxd8+ Rxd8 32.Rf2 h4+  0-1

[Event "Femida Open"]
[Site "Kharkov UKR"]
[Date "2003.10.14"]
[Round "6"]
[White "Ivanova,S"]
[Black "Rohonyan,K"]
[Result "0-1"]
[WhiteElo "2236"]
[BlackElo "2369"]

1.e4 g6 2.d4 Bg7 3.Nc3 d6 4.Nge2 Nf6 5.g3 O-O 6.Bg2 Na6 7.O-O c5 8.d5 Rb8
9.a4 Nc7 10.h3 b6 11.g4 e6 12.dxe6 fxe6 13.Ng3 Ba6 14.Re1 e5 15.g5 Nfe8 16.h4 Ne6
17.Nd5 Nf4 18.Ra3 Nc7 19.Nxf4 exf4 20.Ne2 Be5 21.Rf3 d5 22.exd5 Nxd5 23.Bh3 Qd6
24.b3 Qc6 25.Bg2 Rbd8 26.Bd2 Qc7 27.Qc1 c4 28.Nc3 Bb7 29.Nb5 Qb8 30.bxc4 Ne7
31.Rd3  0-1